Stormlight Archive - Surges - Statistics

General Stats
  • This quiz has been taken 133 times
  • The average score is 6 of 10
Answer Stats
Answer % Correct
Gravitation
89%
Adhesion
81%
Transportation
62%
Illumination
59%
Division
56%
Transformation
56%
Abrasion
51%
Cohesion
49%
Progression
44%
Tension
44%
No matching quizzes found
Score Distribution
Percent of People with Each Score
Percentile by Number Answered
Your Score History
You have not taken this quiz